1051 1662 1658 1807 1373 1864 1831 1391 1532 1840 1580 1857 1567 1572 1052 1642 1220 1108 1945 1970 1714 1249 1833 1213 1704 1138 1724 1049 1745 1859 1589 1901 1805 1688 1925 1065 1491 1181 1956 1688 1448 1943 1821 1463 1613 1363 1823 1010 1272 1376 1355 1834 1757 1169 1410 1372 1683 1030 1305 1070 1815 1119 1696 1264 1828 1164 1081 1028 1012 1551 1055 1282 1237 1242 1806 1460 1746 1259 1709 1409 1164 1720 1571 1084 1947 1006 1558 1740 1602 1337 1294 1028 1377 1481 1811 1623 1464 1220 1090 BCNSPRNW ULIB Ver.6.0+V

เปลี่ยนเป็นภาษาไทย

Change to English
 แสดงรายละเอียดบรรณานุกรม
  กลับหน้าหลัก

Brief Record : Get Marc (ISO 2709) : E-mail record : QR code < ปิดหน้าต่าง
LEADER : 00000nam 2200000uu 4500
001    13399111984
003     ULIB
008    110627s2552||||th 000 0 tha d
020    9786115200092
090    นว.^bป535ฝ 2552
100 0  ปั้นหยา
245 00 ฝากหัวใจไว้ใกล้รัก/^cปั้นหยา
250    พิมพ์ครั้งที่ 1
260    กรุงเทพฯ :^b1168 พับลิชชิ่ง,^c2552
300    282 หน้า
710 1  1168 พับลิชชิ่ง
945    ^p189^l0^i027757
995    ทศพร
999 ^a ใช้งานได้ทุกระบบ
รายการนี้ยังไม่มีแท็ก
คุณยังไม่ได้ล็อกอิน คุณสามารถมีกิจกรรมร่วมกับเว็บไซต์ได้ แต่ต้องล็อกอินก่อน ::
  ล็อกอิน

รายการสื่อสารสนเทศ

ลำดับที่ ประเภท เลขเรียก/บาร์โค้ด สถานที่ สถานะ
- ไม่พบข้อมูล -

รายการใกล้เคียง
    ผู้แต่ง [ปั้นหยา]

BibComment


ยังไม่เคยถูกคอมเมนท์

คอมเมนท์ทรัพยากรรายการนี้
  คอมเมนท์: ฝากหัวใจไว้ใกล้รั..


 Copyright 2026. Bcnsprnw @Library